Sports Quiz

Random Sports or Baseball Quiz

Baseball Cards Before and After Quiz Stats

 Plays Quiz Updated Aug 30, 2017

Challenge
Share
Tweet
Score 0/20 Timer 05:00
6 Plays Today
% Correct
Robinson
99.7%
Carlton
90.9%
Cecil
88%
Jacoby
87.5%
Hunter
87.3%
Ryan
86.4%
Brooks
79%
Kent
75.7%
John
73%
Thurman
65.4%
% Correct
Darwin
54.9%
Casey
54.7%
Orlando
53.2%
Lee
48.3%
Henderson
47.2%
Santo
46.6%
Heath
46%
Gregg
41.8%
Kelly
39.4%
Duffy
29.2%

You're not logged in!

Compare scores with friends on all Sporcle quizzes.
Join for Free
OR
Log In

You Might Also Like...

Show Comments

Extras

Top Quizzes Today


Score Distribution

Your Account Isn't Verified!

In order to create a playlist on Sporcle, you need to verify the email address you used during registration. Go to your Sporcle Settings to finish the process.

Report this User

Report this user for behavior that violates our Community Guidelines.

Details: